Sponzoring ako účinný nástroj marketingu
Plánovanie sponzorských činností. Analýza cieľových skupín v sponzoringu. Sponzoringové stratégie. Stanovenie sponzoringového rozpočtu. Kontrola a meranie účinnosti sponzoringu.
Guardado en:
| Autor principal: | |
|---|---|
| Formato: | Capítulo de libro |
| Lenguaje: | eslovaco |
| Materias: | |
| Etiquetas: |
Sin Etiquetas, Sea el primero en etiquetar este registro!
|
MARC
| LEADER | 00000naa$a2200000$$$4500 | ||
|---|---|---|---|
| 001 | 0128788 | ||
| 005 | 20240502072458.8 | ||
| 041 | 0 | |a slo | |
| 044 | |a SK | ||
| 245 | 1 | 0 | |a Sponzoring ako účinný nástroj marketingu |c Júlia Lipianska |
| 520 | |a Plánovanie sponzorských činností. Analýza cieľových skupín v sponzoringu. Sponzoringové stratégie. Stanovenie sponzoringového rozpočtu. Kontrola a meranie účinnosti sponzoringu. | ||
| 610 | 2 | 0 | |a sponzorovanie |
| 610 | 2 | 0 | |a financie |
| 610 | 2 | 0 | |a financovanie |
| 610 | 2 | 0 | |a plánovanie |
| 610 | 2 | 0 | |a reklama |
| 610 | 2 | 0 | |a kontrola |
| 610 | 2 | 0 | |a marketing |
| 100 | 1 | |a Lipianska, Júlia | |